00732nam a2200217 a 450000100100000000500170001000800410002702000150006804000250008308200210010810000350012924000300016424500820019426000350027630000210031149000530033260000340038565000170041970000250043683000530046100002203420240510073816.0100916s2003 ag 001 0 spa d a9500392127 aDO-SdBNPbspacBNPHU a100bD579e, 20031 aDilthey, Guillermo,d1833-191112aDas wesen der philosophie13aLa esencia de la filosofía /cWilhelm Dilthey ; traducción Elsa Tabernig. aBuenos Aires :bLosada,c2003. a187 p. ;c22 cm.1 aBiblioteca de obras maestras del pensamientov2514aDILTHEY, GUILLERMOd1833-1911 0aFilosofía 1 aTabernig, Elsa,etr. 0aBiblioteca de obras maestras del pensamientov25